| 000 | 00721nam a2200241Ia 4500 | ||
|---|---|---|---|
| 005 | 20260429112257.0 | ||
| 008 | 260429s9999||||xx |||||||||||||| ||und|| | ||
| 020 | _a9789348596253 | ||
| 041 | _aEnglish | ||
| 082 |
_a660.6 _bVEN |
||
| 100 | _aVenkateswarulu, T. C. | ||
| 245 | 0 |
_aBioresources processing : _btechnologies and applications / _cT. C. Venkateswarulu |
|
| 260 |
_aNew Delhi : _bToday & Tomorrow's Printers and Publishers, _c2025. |
||
| 300 | _a282 p.; hb | ||
| 650 | _a Biotechnology | ||
| 650 | _a Resource processing | ||
| 650 | _aBioresources | ||
| 700 | _a Balasubramaniyan, Malathi | ||
| 700 | _a Bobby, Md. Nazneen | ||
| 700 | _a David, Charles | ||
| 700 | _a Tiwari, O. N. | ||
| 942 | _cTB | ||
| 999 |
_c53269 _d53269 |
||